| 000 | 01859nam0a22003491 4500 | ||
|---|---|---|---|
| 001 | rc\4775585 | ||
| 005 | 20260406103551.0 | ||
| 035 | _a(NLR Aleph) 008992061 | ||
| 090 |
_a9252983 _c9252983 |
||
| 100 | _a20130417d1958 u y0rusy50 ca | ||
| 101 | 0 | _arus | |
| 102 | _aRU | ||
| 105 | _ay z ||||| | ||
| 200 | 1 |
_aИзбранные труды _fРед. акад. В.И. Смирнова _gСтатья действ. чл. АН УССР Б.В. Гнеденко и доц. И.А. Марона, [с. 380-457] _gПримеч. доц. В.И. Антроповой [и др.] _gАкад. наук СССР |
|
| 210 |
_aЛенинград _cИзд-во Акад. наук СССР. [Ленингр. отд-ние] _d1958 |
||
| 215 |
_a583 с. _d22 |
||
| 225 | 1 | _aКлассики науки | |
| 320 | _aБиблиогр. указатель основных печ. и литогр. трудов М.В. Остроградского и литературы о нем / Сост. М.Г. Новолянская: с. 541-581 (309 назв.) | ||
| 606 |
_aМеханика _2psbo |
||
| 606 |
_aМатематический анализ _2psbo |
||
| 606 |
_aМатематическая физика _2psbo |
||
| 700 | 1 |
_8rus _7ca _aОстроградский _bМ. В. _cматематик, физик _f1801-1861 _gМихаил Васильевич _3RU\NLR\AUTH\7756240 _939172 |
|
| 702 | 1 |
_aГнеденко _bБ.В. _4570 |
|
| 702 | 1 |
_aМарон _bИ. А. _f1911-1980 _gИсаак Абрамович _4570 |
|
| 702 | 1 |
_aАнтропова _bВ. И. _4212 |
|
| 702 | 1 |
_4340 _8rus _7ca _aСмирнов _bВ. И. _f1887-1974 _cд-р физ.-мат. наук, математика _gВладимир Иванович _3RU\NLR\AUTH\7789893 _972820 |
|
| 801 | 0 |
_aRU _bNLR _gpsbo |
|
| 801 | 1 |
_aRU _bELAR _2rusmarc |
|
| 852 |
_aNLR _j59-5/211 |
||
| 942 | _cBOOK | ||
| 980 | _aNB | ||